000 00221 a2200097 4500
001 13424
100 _aSchapiro, L
245 _aThe origins of bolshevism
260 _aLondon
_bSecker werbarg ltd
_c
090 _c10437
_d10437
942 _aNUST-CAE
_cM
_c489
999 _c248497
_d248497